000 00689cab a2200229 4500
001 WB2917-27
008 090401t1993 xxu||||| |||| 00| 0 eng d
035 _a(Sirsi) u18073
041 _aeng
245 _aEuropean recognition for chartered surveyors
260 _c1993
350 _a0
490 _aRICS Press Release
_v(100/93) 6 May 1993 (3)
520 _aProgress has been made on the recognition of chartered surveyors in France and Spain.
650 _aEC DIRECTIVES
650 _aEUROPE
650 _aMUTUAL RECOGNITION
650 _aPROFESSIONAL QUALIFICATIONS
690 _aMANAGEMENT-BUSINESS MANAGEMENT-PROFESSIONAL PRACTICE
942 _n0
948 _c04/03/1997
999 _c11986
_d11986